Länder die mit B anfangen - Statistiken

Allgemein
  • Dieses Quiz wurde 3.446 mal gespielt
  • Das Durchschnittsergebnis liegt bei 12 aus 16
Antwortstatistiken
Antwort % Korrekt
5 Belgien
96%
10 Bolivien
81%
12 Brasilien
80%
3 Bangladesch
77%
14 Bulgarien
77%
8 Bhutan
75%
1 Bahamas
72%
11 Botsuana
70%
7 Benin
69%
13 Brunei
69%
16 Burundi
69%
2 Bahrain
68%
9 Bosnien und Herzegowina
68%
4 Barbados
66%
6 Belize
66%
15 Burkina Faso
57%
Keine übereinstimmenden Quizze gefunden
Verteilung der Resultate
Anzahl Personen mit jedem Resultat
Perzentil nach korrekt beantworteten Fragen
Ihre Resultats-Entwicklung
Sie haben dieses Quiz noch nicht gespielt